UBT Library

The economics of Adam Smith. (Record no. 40768)

000 -LEADER
fixed length control field 00657cam a2200253 4500
001 - CONTROL NUMBER
control field 2664254
005 - DATE AND TIME OF LATEST TRANSACTION
control field 20180123050157.0
008 - FIXED-LENGTH DATA ELEMENTS--GENERAL INFORMATION
fixed length control field 730312s1973 onc b 001 0beng
010 ## - LIBRARY OF CONGRESS CONTROL NUMBER
LC control number 72185717
015 ## - NATIONAL BIBLIOGRAPHY NUMBER
National bibliography number C***
020 ## - INTERNATIONAL STANDARD BOOK NUMBER
International Standard Book Number 0802018114
-- 0802001343 (microfiche)
040 ## - CATALOGING SOURCE
Original cataloging agency DLC
Transcribing agency DLC
Modifying agency DLC
041 ## - LANGUAGE CODE
Language code of text/sound track or separate title eng
080 ## - UNIVERSAL DECIMAL CLASSIFICATION NUMBER
Universal Decimal Classification number 330.153
082 00 - DEWEY DECIMAL CLASSIFICATION NUMBER
Classification number 330.153 HOL
100 1# - Rafti
Rafti 19
101 ## - Shkurtesa
Shkurtesa SHP
245 14 - TITLE STATEMENT
Title The economics of Adam Smith.
350 ## - PRICE (NR) (BK AM CF MU VM SE) [OBSOLETE]
Price $15.00
400 11 - SERIES STATEMENT/ADDED ENTRY--PERSONAL NAME [OBSOLETE, CAN/MARC], [LOCAL, USA]
Personal name His
Title of a work Studies in classical political economy,
Volume number/sequential designation 1
504 ## - BIBLIOGRAPHY, ETC. NOTE
Bibliography, etc Bibliography: p. [328]-338.
906 ## - LOCAL DATA ELEMENT F, LDF (RLIN)
a 7
b cbc
c orignew
d 3
e ncip
f 19
g y-gencatlg
942 ## - ADDED ENTRY ELEMENTS (KOHA)
Source of classification or shelving scheme
Item type Books
Holdings
Withdrawn status Lost status Source of classification or shelving scheme Damaged status Not for loan Collection code Permanent location Current location Shelving location Date acquired Total Checkouts Full call number Barcode Date last seen Price effective from Koha item type
          Koleksioni i përgjithshem UBT - Lipjan UBT - Lipjan Koleksioni i përgjithshem 01/23/2018   330.153 HOL 002-2996274 01/23/2018 01/23/2018 Books
UBT Library © 2015-2024. All rights reserved University Education for Business and Technology